EKR se představuje

Korporativní autor: Evropští konzervativci a reformisté (politická skupina)
Další autoři: Evropský parlament. Klub ODS
Jazyk: Čeština
Vydáno: Praha : Pro Klub ODS v Evropském parlamentu vyrobilo nakl. Jalna, 2009
Vydání: Vyd. 1.
Témata:
Externí odkaz: Digitalizovaný dokument
Fyzický popis: 184 s. : barev. il., portréty ; 22 cm
Knihy
Uloženo v:
LEADER 02409nam a2200601 a 4500
001 nkc20092024683
003 CZ PrNK
005 20100301091905.0
007 ta
008 091208s2009 xr ac e 000 0 cze
015 |a cnb002024683 
020 |a 978-80-86396-51-4  |q (Jalna ;  |q brož.) :  |c neprodejné 
035 |a (OCoLC)607525446 
040 |a OLA001  |b cze 
043 |a e------ 
045 |a y0y0  |a x7y0 
072 7 |a 329  |x Politické strany a hnutí  |2 Konspekt  |9 15 
080 |a 328.126  |2 MRF 
080 |a 329.11  |2 MRF 
080 |a 329.1/.6(4)  |2 MRF 
080 |a (4)  |2 MRF 
080 |a (036)  |2 MRF 
080 |a (062.552)  |2 MRF 
110 2 |a Evropští konzervativci a reformisté (politická skupina)  |7 kn20100202010 
245 1 0 |a EKR se představuje 
246 3 |a EKR - skupina evropských konzervativistů a reformistů 
250 |a Vyd. 1. 
260 |a Praha :  |b Pro Klub ODS v Evropském parlamentu vyrobilo nakl. Jalna,  |c 2009 
300 |a 184 s. :  |b barev. il., portréty ;  |c 22 cm 
610 2 7 |a Evropský parlament  |7 kn20030103003  |2 czenas 
610 2 7 |a Evropští konzervativci a reformisté (politická skupina)  |7 kn20100202010  |2 czenas 
648 4 |a 2005-2009 
648 4 |a 1973-2009 
650 0 7 |a parlamentní kluby  |7 ph194678  |z země Evropské unie  |2 czenas 
650 0 7 |a konzervativní strany  |7 ph135346  |z země Evropské unie  |y 21. století  |2 czenas 
650 0 7 |a eurostrany  |7 ph556410  |2 czenas 
650 0 7 |a konzervatismus  |7 ph121828  |z země Evropské unie  |y 20.-21. století  |2 czenas 
650 0 9 |a parliamentary party groups  |z European Union countries  |2 eczenas 
650 0 9 |a conservative parties  |z European Union countries  |y 21st century  |2 eczenas 
650 0 9 |a European political parties  |2 eczenas 
650 0 9 |a conservatism  |z European Union countries  |y 20th-21st centuries  |2 eczenas 
655 7 |a informační publikace  |7 fd132454  |2 czenas 
655 7 |a sborníky  |7 fd724344  |2 czenas 
655 9 |a information publications  |2 eczenas 
655 9 |a papers  |2 eczenas 
710 2 |a Evropský parlament.  |b Klub ODS  |7 kn20100202011 
856 4 1 |u http://www.digitalniknihovna.cz/mzk/uuid/uuid:12297680-8142-11e5-ac67-005056827e51  |y Digitalizovaný dokument  |x NDK 
910 2 |a BOA001  |b 2-1235.722 
928 9 |a Jalna 
990 |a BK 
995 |a 01 
991 |b 201002  |c NOV 
996 6 |b 2610406317  |c 2-1235.722  |l MZK  |r Sklad / do 1 hodiny  |n 3  |p p.v.  |w 001105385  |u 000010  |a 1  |e BOA001  |j MZK50  |s P